000
00308nam a2200121Ia 4500
008
191201s2008 xx 000 0 und d
100
_a
FEYNMAN, Richard P
245
0
_a
Lecturer on Physics vol-1
260
_a
N. delhi
_b
Narosa Publication House
_c
2008
300
_a
608
650
_a
Applied
942
_2
ddc
_c
BK
999
_c
6619
_d
6619